Opportunities to mainstream land consolidation in rural development programmes of the European Union

This guide provides an interpretation of the EU's Rural Development Programme for 2007-13, but the legally binding basis for the EU's rural development policies and programmes are te relevant EC regulations. Policy-makers and stakeholders interested in rural development in general and land...

Disgrifiad llawn

Wedi'i Gadw mewn:
Manylion Llyfryddiaeth
Awdur Corfforaethol: Food and Agriculture Organization of the United Nations
Fformat: Llyfr
Iaith:Undetermined
Cyhoeddwyd: Rome Food and Agriculture Organization of the United Nations 2008
Pynciau:
Tagiau: Ychwanegu Tag
Dim Tagiau, Byddwch y cyntaf i dagio'r cofnod hwn!
Thư viện lưu trữ: Trung tâm Học liệu Trường Đại học Cần Thơ
LEADER 01671nam a2200217Ia 4500
001 CTU_172889
008 210402s9999 xx 000 0 und d
020 |c 18 
082 |a 333.335 
082 |b F686 
110 |a Food and Agriculture Organization of the United Nations 
245 0 |a Opportunities to mainstream land consolidation in rural development programmes of the European Union 
245 0 |c Food and Agriculture Organization of the United Nations 
260 |a Rome 
260 |b Food and Agriculture Organization of the United Nations 
260 |c 2008 
520 |a This guide provides an interpretation of the EU's Rural Development Programme for 2007-13, but the legally binding basis for the EU's rural development policies and programmes are te relevant EC regulations. Policy-makers and stakeholders interested in rural development in general and land consolidation activities in particular should identify the challenges facing them and formulate appropriate policy interventions to meet those challenges through the proper communication channels with the EU member states, land consolidation should be included in their Rural Development Programme for 2007-13. 
650 |a Rural development,Consolidation of land holdings,Land tenure,Phát triển nông thôn,Sở hữu đất đai,Quyền sử dụng đất 
650 |z European Union countries,European Union countries,European Union countries,Các nước Liên minh châu Âu,Các nước Liên minh châu Âu,Các nước Liên minh châu Âu 
904 |i Tho, Hồng Cẩm, Năm 
980 |a Trung tâm Học liệu Trường Đại học Cần Thơ